000 00867cam a22002653a 4500
001 4504
003 PGUSA
005 20140828083057.0
008 031001s2003||||xxu|||||s|||||000 1 eng d
040 _aPGUSA
_beng
042 _adc
050 4 _aPT
100 1 _aBrentano, Clemens,
_d1778-1842
245 1 0 _aAus der Chronika eines fahrenden Schülers (Zweite Fassung)
_h[electronic resource] /
_cClemens Brentano
260 _bProject Gutenberg,
_c2003
506 _aPublic domain in the USA.
516 _aElectronic text
653 _aHessen (Hesse, Germany : Province) -- Fiction
653 _aMaster and servant -- Fiction
653 _aAutobiographical fiction
653 _aGermany -- Social life and customs -- Middle Ages, 500-1500 -- Fiction
830 0 _aProject Gutenberg
_v4504
856 4 0 _uhttp://www.gutenberg.org/ebooks/4504
942 _cEB
999 _c233833
_d233833